Statistiche per Vincitori Coppa di Francia

Clicka qui per fare il quiz!

Statistiche generali

  • Questo quiz è stato fatto 17 volte
  • Il punteggio medio è 65 su 104

Statistiche sulle risposte

EdizioneVincitori% Corretto
1981-1982 | 1982-1983 | 1992-1993 | +11 othersParis Saint-Germain
100%
1945-1946 | 1946-1947 | 1947-1948 | +3 othersLilla
94%
1963-1964 | 1966-1967 | 1972-1973 | +2 othersOlympique Lione
94%
1923-1924 | 1925-1926 | 1926-1927 | +7 othersOlympique Marsiglia
94%
1959-1960 | 1962-1963 | 1979-1980 | +2 othersMonaco
88%
1928-1929 | 1989-1990Montpellier
88%
1961-1962 | 1967-1968 | 1969-1970 | +3 othersSaint-Étienne
88%
1940-1941 | 1985-1986 | 1986-1987 | 2012-2013Bordeaux
81%
1951-1952 | 1953-1954 | 1996-1997Nizza
81%
1978-1979 | 1998-1999 | 1999-2000 | 2021-2022Nantes
69%
1956-1957Tolosa
69%
1964-1965 | 1970-1971 | 2018-2019Rennes
63%
1950-1951 | 1965-1966 | 2000-2001Strasburgo
63%
1993-1994 | 1995-1996 | 2002-2003 | 2004-2005Auxerre
44%
1958-1959Le Havre
38%
1936-1937 | 2006-2007Sochaux
38%
1949-1950 | 1957-1958Stade Reims
38%
2001-2002Lorient
31%
1983-1984 | 1987-1988Metz
31%
2008-2009 | 2013-2014Guingamp
25%
1977-1978Nancy
25%
1943-1944Nancy-Lorraine
25%
1980-1981Bastia
19%
1931-1932Cannes
19%
1920-1921 | 1921-1922 | 1922-1923 | +2 othersRed Star
13%
1955-1956 | 1960-1961Sedan-Torcy
13%
1935-1936 | 1938-1939 | 1939-1940 | +2 othersRC Paris
6%
1919-1920CA Paris
0%
1918-1919 | 1924-1925CASG
0%
1930-1931Club Français
0%
1932-1933Excelsior Roubaix
0%
1917-1918Olympique de Pantin
0%
1929-1930 | 1933-1934Sète
0%

Distribuzione punteggi

Percentile per numero di risposta

Percentuale di utenti per punteggio

I tuoi punteggi nel tempo

Non hai fatto questo quiz